000 01037nam2a22002291 4500
001 v19\rc\2086135
005 20250620034407.0
035 _a(NLR Aleph) 005156327
090 _a4947808
_c4947808
100 _a20081218d1914 |||y0rusy50 ca
101 0 _arus
102 _aRU
105 _ay z |||||
200 1 _aВиды на урожай хлебов и трав в Акмолинской области к 15-25 июня 1914 г.
210 _d1914
_aБ. м.
215 _a[1], 15 с.
461 0 _1001v19\rc\2086132
_12001#$a[Издания]...$eВып. 1-$fГУЗ и З. Переселенческий район. Стат. отдел$vВып. 3
_94947782
_aАкмолинский переселенческий район. Статистический отдел
_cОмск
_d1913-1917
_fГУЗ и З. Переселенческий район. Стат. отдел
_oВып. 1-
_t[Издания]...
_vВып. 3
801 0 _aRU
_bNLR
_gpsbo
801 1 _aRU
_bProSoft-M
_2rusmarc
852 _aNLR
_j37.47.5.69
942 _cBOOK
980 _aNB